00471nam a2200121Ia 4500008004100000100002400041245012900065245005900194260000900253300001200262650001300274856006200287170221s9999 xx 000 0 und d aDempsey, Stephen J. aCore Earnings Uncertainty, Dividend Change Announcements and the Reduction of Covariance Component Risks (pages 1075–1120) cStephen J. Dempsey, David M. Harrison and Hainan Sheng c2012 a32 : 11 xBusiness uhttp://onlinelibrary.wiley.com/doi/10.1111/jbfa.12129/pdf